[Event "Liberec op 18th"]
[Site "Liberec"]
[Date "2018.02.24"]
[Round "1"]
[White "Voldrich, Milan"]
[Black "Steiner, Bruno"]
[Result "0-1"]
[WhiteElo "1612"]
[BlackElo "2150"]
[PlyCount "62"]
[EventDate "2018.02.24"]
[EventType "swiss"]
[EventRounds "9"]
[EventCountry "CZE"]
[SourceTitle "CBM 183 Extra"]
[Source "ChessBase"]
[SourceDate "2018.04.19"]
[SourceVersion "1"]
[SourceVersionDate "2018.04.19"]
[SourceQuality "1"]

1. c4 e6 2. d4 d5 3. e3 Nf6 4. Nf3 b6 5. Be2 Bb7 6. 0-0 Bd6 7. Nc3 Nbd7 8. h3 0-0 9. Qc2 a6 10. b3 Ne4 11. Bd3 Nxc3 12. Qxc3 dxc4 13. Be2 cxb3 14. Qxb3 Qe7 15. Bb2 Rfc8 16. Rac1 b5 17. Qd3 c5 18. Rfd1 c4 19. Qc2 f5 20. Ne5 c3 21. Ba1 Nxe5 22. dxe5 Bxe5 23. f4 Bf6 24. Bf3 Bxf3 25. gxf3 b4 26. Qa4 Qc5 27. Rd3 Rd8 28. Qc2 Rxd3 29. Qxd3 Rd8 30. Qe2 Rd2 31. Qe1 Bh4 0-1